000 00312pam a2200133a 44500
008 230405s1900 xxu||||| |||| 00| 0 eng d
041 _aENG
100 _aNadgowda K.S
245 _astatistical mechanics physics
260 _a
_bzerox copy
_c1900
300 _a95
700 _aThsnkhiwale A.V
906 _a1660
999 _c293003
_d293003